000 00683nam a2200253Ia 4500
003 OSt
005 20221005120643.0
006 a|||||r|||| 00| 0
007 ta
008 221004b |||||||| |||| 00| 0 eng d
024 _a43708
037 _cTextual
040 _aCRL
_cCRL
_beng
041 _2eng
_aeng
082 _aO15:1D61x, H8
100 _aKosambi D D Ed.
245 0 _aEpigrams attributed to Bhartrhari including the three centuries
260 _c1948
490 _aSinghi Jain series; 23
650 _a ENGLISH LITERATURE
650 _aSANSKRIT LITERATURE
942 _hO15:1D61x, H8
_cTEXL
_2cc
999 _c1038701
_d1038701